• 首页
  • 本馆介绍
  • 公告通知
  • 最新文献
  • 馆藏检索
  • 电子资源
  • 读者导购
  • 参考咨询
  • 我的图书馆
  • 登录
  • 详细信息显示
  • 放入我的书架
  • 预约/预借图书
  • 作者相关作品
  • 分类相关作品
  • 丛书相关作品
  • 出版社相关作品

书目信息

  • 表格格式
  • 工作单格式
  • 卡片格式
题名:
杨家将
    
 
作者: 沈起炜 编写
分册:  
出版信息: 上海   上海人民出版社  1978.11
页数: 44页
开本: 19cm
丛书名:
单 册:
中图分类: K244.09
科图分类:
主题词: 中国--历史
电子资源:
ISBN:
000 00564nam0 2200217 45
001 0306241606
005 20070921102915.75
010    @dCNY0.13
091    @a11074.63
100    @a20030624e19561978km y0chiy0120 ea
101 0  @achi
105    @aa z 000zy
200 1  @a杨家将@AYang Jia Jiang@f沈起炜编写@FShen Qi Wei Bian Xie
205    @a2版
210    @a上海@c上海人民出版社@d1978.11
215    @a44页@c插图@d19cm
606 0  @a中国@x历史
690    @aK244.09@v3
701  0 @a沈起炜@Ashen qi wei@4编写
801    @aCN@bTSTC@c20070921
905    @dK244.09@e39=2
    
    杨家将/沈起炜编写.-2版.-上海:上海人民出版社,1978.11
    44页:插图;19cm
    
    
    ISBN :CNY0.13
    
●
相关链接 在E读中查询图书 在五车中查询图书 在当当中查询图书 在豆瓣中查询图书


正题名:杨家将     索取号:K244.09/39=2         预约/预借

序号 登录号 条形码 馆藏地/架位号 状态 备注
1 0004296   001406366   第二样本阅览室/ [索取号:K244.09/39=2] 在馆    
唐山师范学院图书馆 欢迎您!
大连网信软件有限公司© 版权所有